| 000 | 00892nam a2200229Ia 4500 | ||
|---|---|---|---|
| 001 | 774 | ||
| 003 | GE_BSU | ||
| 008 | 181216s||||||||xx |||||||||||||| ||und|| | ||
| 040 | _cGE_BSU | ||
| 080 | _a332.14+338.2 | ||
| 100 | _aბარათაშვილი,ევგენი. ვეშაპიძე, შოთა | ||
| 245 | _aრეგიონული ეკონომიკური პოლიტიკა | ||
| 245 | _cრედ.თამაზ დანელია;ზაალ ანჯაფარიძე | ||
| 260 | _aთბილისი | ||
| 260 | _bთბილისის სოცოალ–ეკონომიკ.ინ–ტი | ||
| 260 | _c2002 | ||
| 300 | _a311გვ. | ||
| 541 | _h7ლ. | ||
| 653 | _aეკონომიკა | ||
| 653 | _aრეგიონული ეკონომიკური პოლიტიკა | ||
| 942 | _cBK | ||
| 999 |
_c34945 _d34945 |
||